Score 0/16 Timer 02:00
0 Plays Today
Jumbled Unjumbled % Correct
BOBCCobb
96.4%
FECHChef
95.3%
NERGEGreen
92.4%
TURFIFruit
89.6%
KEGERGreek
84.5%
COATTaco
80.8%
HECNICKChicken
71.2%
TOOTPAPotato
66.8%
Jumbled Unjumbled % Correct
Common BondSalads
65.9%
CORCBOILBroccoli
65.9%
LEOCLAWSColeslaw
59.1%
RADWOLFWaldorf
45.3%
ETHER BANEThree Bean
44.4%
AARONMICMacaroni
39.1%
ARACESCaesar
36.4%
PASCHINSpinach
36%

You're not logged in!

Compare scores with friends on all Sporcle quizzes.
OR
Log In

Sporcle TV

Today on Sporcle TV


Watch our educational content, quiz creation guides, and fun videos on Sporcle TV.

Show Comments

Extras

Top Quizzes Today


Score Distribution

Your Account Isn't Verified!

In order to create a playlist on Sporcle, you need to verify the email address you used during registration. Go to your Sporcle Settings to finish the process.

Report this User

Report this user for behavior that violates our Community Guidelines.

Details: